Statistics for Star Wars Filming Locations Quiz

Click here to take the quiz!

General Stats

  • This quiz has been taken 17 times
  • The average score is 14 of 39

Answer Stats

Answer% Correct
United States
81%
Italy
75%
United Kingdom
75%
Norway
69%
Spain
69%
Tatooine
69%
Iceland
63%
Tunisia
63%
Ireland
56%
China
50%
Endor
50%
United Arab Emirates
50%
Hoth
44%
Naboo
44%
Switzerland
38%
Yavin IV
38%
Guatemala
31%
Jakku
31%
Jordan
31%
Mustafar
31%
Takodana
31%
Bolivia
25%
Jedha
25%
Scarif
25%
Starkiller Base
25%
Thailand
25%
Alderaan
19%
Croatia
19%
Kashyyyk
19%
Vandor-1
19%
Ahch-To
13%
D'Qar
13%
Eadu
13%
Maldives
13%
Crait
6%
Savareen
6%
Cantonica
0%
Kef Bir
0%
Pasaana
0%

Score Distribution

Percentile by Number Answered

Percent of People with Each Score

Your Score History

You have not taken this quiz